Rubbergoods exports : India yet to maker global impact (Record no. 68209)

MARC details
000 -LEADER
fixed length control field 00280nam a2200109Ia 4500
100 ## - MAIN ENTRY--AUTHOR NAME
Personal name Vohra M F
245 #0 - TITLE STATEMENT
Title Rubbergoods exports : India yet to maker global impact
260 ## - PUBLICATION, DISTRIBUTION, ETC. (IMPRINT)
Name of publisher Rubber Asia
Year of publication 1995
300 ## - PHYSICAL DESCRIPTION
Number of Pages 25-31
942 ## - ADDED ENTRY ELEMENTS (KOHA)
Koha item type Journals
Holdings
Withdrawn status Lost status Damaged status Not for loan Home library Current library Shelving location Date acquired Serial Enumeration / chronology Koha item type
      Journals RRII Library RRII Library Agricultural economics 17/12/2021 Volume 9, Issue 6 Journals